|
|
|
|
| LEADER |
01535nam a2200373 a 4500 |
| 001 |
35312 |
| 003 |
BD-DhAAL |
| 005 |
20211129123420.0 |
| 008 |
190908t1998 enka b 001 0 eng d |
| 999 |
|
|
|c 41145
|d 41145
|
| 010 |
|
|
|a 98100832
|
| 020 |
|
|
|a 0750707240 (cased)
|
| 020 |
|
|
|a 0750707232 (pbk.)
|
| 035 |
|
|
|a (OCoLC)37881389
|
| 040 |
|
|
|a NN
|c NN
|d DLC
|d BD-DhAAL
|
| 042 |
|
|
|a lccopycat
|
| 043 |
|
|
|a u-at-vi
|
| 050 |
0 |
0 |
|a LA2162
|b .C35 1998
|
| 082 |
0 |
0 |
|a 370.945
|2 21
|
| 100 |
1 |
|
|a Caldwell, Brian.
|9 34163
|
| 245 |
1 |
4 |
|a The future of schools :
|b lessons from the reform of public education /
|c Brian J. Caldwell and Donald K. Hayward.
|
| 260 |
|
|
|a London ;
|a Washington, D.C. :
|b Falmer Press,
|c 1998.
|
| 300 |
|
|
|a ix, 189 pages :
|b illustrations ;
|c 23 cm.
|
| 490 |
|
|
|a Student outcomes and the reform of education
|
| 504 |
|
|
|a Includes bibliographical references (p. 177-181) and index.
|
| 526 |
|
|
|a BIED
|
| 541 |
|
|
|a Complimentary copy from BIED
|e 35321
|
| 650 |
|
0 |
|a Public schools
|z Australia
|z Victoria.
|x Education, Primary
|9 34164
|
| 650 |
|
0 |
|a Schools
|x Decentralization
|z Australia
|z Victoria.
|9 34165
|
| 650 |
|
0 |
|a School management and organization
|z Australia
|z Victoria.
|9 34166
|
| 700 |
1 |
|
|a Hayward, Donald K.
|9 34167
|
| 852 |
|
|
|a Ayesha Abed Library
|c General Stacks
|
| 942 |
|
|
|2 ddc
|c BK
|
| 952 |
|
|
|0 0
|1 0
|2 ddc
|4 0
|6 370_945000000000000_CAL
|7 0
|9 66179
|a BRACUL
|b BRACUL
|c GEN
|d 2019-09-08
|e Complimentary copy from BIED
|l 0
|o 370.945 CAL
|p 3010035312
|r 2019-09-08
|t 1
|w 2019-09-08
|y BK
|x Transferred from BIED to General Stacks
|